000
00318 a2200133 4500
040
_a
DLC
_b
DLC
082
_a
891.4391
100
_a
Sahir Ludhyanwi.
245
_a
Talkhiyan
_c
Sahir Ludhyanwi
_h
Urdu
260
_a
Lahore :
_b
Bustaan-e-Adab.
300
_a
136 p.
650
_a
Urdu poetry.
942
_c
BK
_k
891.4391 SAH
_2
ddc
999
_c
9463
_d
9463